Довлеющий механизм дальнего тропосферного распространения ультракоротких волн; Известия вузов. Физика; Т. 63, № 3 (747)

Detaylı Bibliyografya
Parent link:Известия вузов. Физика: научный журнал/ Национальный исследовательский Томский государственный университет (ТГУ)
Т. 63, № 3 (747).— 2020.— [С. 17-21]
Yazar: Киселев О. Н. Олег Николаевич
Müşterek Yazar: Национальный исследовательский Томский политехнический университет Школа базовой инженерной подготовки Отделение русского языка
Diğer Yazarlar: Охорзина Ю. О. Юлия Олеговна
Özet:Заглавие с экрана
Обсуждается вариант физического механизма дальнего тропосферного распространения радиоволн, обоснование которого базируется на использовании параметра когерентности модели, описывающей структуру электромагнитного поля за радиогоризонтом, сформированную отражениями волн от произвольно ориентированных в пространстве квазиплоских границ мезомасштабных тропосферных неоднородностей.
A variant of the physical mechanism of tropospheric propagation far beyond the horizon of VHF radio waves is discussed, the justification of which is based on using the coherence parameter of the model describing the structure of the electromagnetic field behind the radio horizon formed by the reflections of waves from the quasi-plane boundaries of mesoscale tropospheric heterogeneities arbitrarily oriented in space.
Режим доступа: по договору с организацией-держателем ресурса
Dil:Rusça
Baskı/Yayın Bilgisi: 2020
Konular:
Online Erişim:https://www.elibrary.ru/item.asp?id=42622564
Materyal Türü: MixedMaterials Elektronik Kitap Bölümü
KOHA link:https://koha.lib.tpu.ru/cgi-bin/koha/opac-detail.pl?biblionumber=662165

MARC

LEADER 00000naa0a2200000 4500
001 662165
005 20250408161000.0
035 |a (RuTPU)RU\TPU\network\33300 
090 |a 662165 
100 |a 20200525d2020 k||y0rusy50 ca 
101 0 |a rus 
102 |a RU 
135 |a arcn ---uucaa 
181 0 |a i  
182 0 |a b 
200 1 |a Довлеющий механизм дальнего тропосферного распространения ультракоротких волн  |d Prevailing mechanism tropospheric propagation far beyond the horizon of ultra short waves  |f О. Н. Киселев, Ю. О. Охорзина 
203 |a Текст  |c электронный 
300 |a Заглавие с экрана 
320 |a [Библиогр.: 16 назв.] 
330 |a Обсуждается вариант физического механизма дальнего тропосферного распространения радиоволн, обоснование которого базируется на использовании параметра когерентности модели, описывающей структуру электромагнитного поля за радиогоризонтом, сформированную отражениями волн от произвольно ориентированных в пространстве квазиплоских границ мезомасштабных тропосферных неоднородностей. 
330 |a A variant of the physical mechanism of tropospheric propagation far beyond the horizon of VHF radio waves is discussed, the justification of which is based on using the coherence parameter of the model describing the structure of the electromagnetic field behind the radio horizon formed by the reflections of waves from the quasi-plane boundaries of mesoscale tropospheric heterogeneities arbitrarily oriented in space. 
333 |a Режим доступа: по договору с организацией-держателем ресурса 
461 |t Известия вузов. Физика  |o научный журнал  |f Национальный исследовательский Томский государственный университет (ТГУ) 
463 |t Т. 63, № 3 (747)  |v [С. 17-21]  |d 2020 
510 1 |a Prevailing mechanism tropospheric propagation far beyond the horizon of ultra short waves  |z eng 
610 1 |a труды учёных ТПУ 
610 1 |a электронный ресурс 
610 1 |a физические механизмы 
610 1 |a параметры 
610 1 |a когерентность 
610 1 |a ультракороткие волны 
610 1 |a неоднородности 
700 1 |a Киселев  |b О. Н.  |g Олег Николаевич 
701 1 |a Охорзина  |b Ю. О.  |c экономист  |c доцент Томского политехнического университета, кандидат экономических наук  |f 1972-  |g Юлия Олеговна  |3 (RuTPU)RU\TPU\pers\31308  |9 15486 
712 0 2 |a Национальный исследовательский Томский политехнический университет  |b Школа базовой инженерной подготовки  |b Отделение русского языка  |3 (RuTPU)RU\TPU\col\23517 
801 2 |a RU  |b 63413507  |c 20200525  |g RCR 
856 4 0 |u https://www.elibrary.ru/item.asp?id=42622564 
942 |c CF